000 00347 a2200157 4500
001 155770
040 _cEscola São Tomás de Aquino
100 _aFREITAS, Pedro Luiz de
240 1 0 _aConhecendo a Terra
_lpor
245 1 0 _aConhecendo a Terra
300 _a87
362 0 _a2009
440 1 _aPollux
697 _aGENERALIDADES
942 _cBK
999 _c155770
_d155770